| 000 | 01141cam a22003131 4500 | ||
|---|---|---|---|
| 001 | hew61000103 | ||
| 003 | DLC | ||
| 005 | 20260227111511.0 | ||
| 008 | 730604s1961 dcua 000 0 eng | ||
| 010 | _ahew61000103 | ||
| 035 | _a(OCoLC)635249 | ||
| 040 |
_aDLC _cOBlC _dOCoLC _dISS _dOCoLC _dDLC |
||
| 042 | _apremarc | ||
| 050 | 0 | 0 |
_aLB2825 _b.C32 |
| 082 | _a379.13 | ||
| 086 | 0 | _aFS 5.222:22012 | |
| 100 | 1 |
_aCarter, Richard Fremont, _d1928- |
|
| 245 | 1 | 0 |
_aInfluence of voter turnout on school bond and tax elections, _cby Richard F. Carter and William G. Savard. |
| 260 |
_a[Washington] _bU.S. Dept. of Health, Education, nd Welfare, Office of Education _c[1961] |
||
| 300 |
_avi, 31 p. _billus., tables. _c23 cm. |
||
| 490 | 1 |
_a[U. S. Office of Education] Cooperative research monograph _vno. 5 |
|
| 500 | _a"OE-22012." | ||
| 504 | _aBibliography: p. 23. | ||
| 650 | 0 |
_aEducation _zUnited States _xFinance. |
|
| 650 | 0 | _aSchool elections. | |
| 650 | 0 |
_aVoter turnout _zUnited States. |
|
| 700 | 1 |
_aSavard, William G. _ejoint author. |
|
| 810 | 1 |
_aUnited States. _bOffice of Education. _tCooperative research monograph ; _vno. 5. |
|
| 999 |
_c34317 _d34317 |
||